|
|
|
|
| LEADER |
01858nam a22002777a 4500 |
| 001 |
29271 |
| 003 |
BD-DhAAL |
| 005 |
20240924130633.0 |
| 008 |
150709s1983 bg ||||| |||| 00| 0 eng d |
| 040 |
|
|
|a BD-DhAAL
|c BD-DhAAL
|
| 082 |
|
|
|2 22
|a 307.1412095492
|
| 245 |
|
|
|a Mymensingh Kotwali base line survey.
|n Volume I & II.
|
| 264 |
|
|
|a Dhaka :
|b Research and Evaluation Division, BRAC,
|c 1983.
|
| 300 |
|
|
|a 72 pages :
|b illustrations ;
|c 34 cm.
|
| 362 |
|
|
|a Vol. 1 & 2
|
| 541 |
|
|
|e 29271
|a BRAC
|
| 610 |
|
|
|a BRAC (Bangladesh Rural Advancement Committee)
|
| 710 |
|
|
|a Bangladesh Rural Advancement Committee.
|b Research and Evaluation Division.
|9 12971
|
| 852 |
|
|
|a Ayesha Abed Library
|b BRAC Resource Section
|
| 942 |
|
|
|2 ddc
|c BK
|
| 999 |
|
|
|c 34999
|d 34999
|
| 952 |
|
|
|0 0
|1 0
|2 ddc
|4 0
|6 307_141209549200000_BAS
|7 1
|8 RPT
|9 54877
|a BRACUL
|b BRACUL
|c BRS
|d 2015-07-09
|e BRAC
|l 0
|o 307.1412095492 BAS
|p 3010029271
|r 2015-07-09
|t 1
|w 2015-07-09
|y BK
|x BRAC ; price not available in register
|
| 952 |
|
|
|0 0
|1 0
|2 ddc
|4 0
|6 307_141209549200000_BAS
|7 1
|8 RPT
|9 54880
|a BRACUL
|b BRACUL
|c BRS
|d 2015-07-09
|e BRAC
|l 1
|m 1
|o 307.1412095492 BAS
|p 3010029272
|r 2025-12-30
|s 2025-03-24
|t 2
|w 2015-07-09
|y BK
|x BRAC ; price not available in register
|
| 952 |
|
|
|0 0
|1 0
|2 ddc
|4 0
|6 307_141209549200000_BAS
|7 1
|8 RPT
|9 56217
|a BRACUL
|b BRACUL
|c BRS
|d 2015-10-11
|e BRAC
|l 1
|o 307.1412095492 BAS
|p 3010029989
|r 2025-12-30
|s 2025-03-24
|t 3
|w 2015-10-11
|y BK
|x BRAC ; price not available in register
|
| 952 |
|
|
|0 0
|1 0
|2 ddc
|4 0
|6 307_141209549200000_BAS
|7 1
|8 RPT
|9 56218
|a BRACUL
|b BRACUL
|c BRS
|d 2015-10-11
|e BRAC
|l 1
|o 307.1412095492 BAS
|p 3010029990
|r 2025-12-30
|s 2025-03-23
|t 4
|w 2015-10-11
|y BK
|x BRAC ; price not available in register
|
| 952 |
|
|
|0 0
|1 0
|2 ddc
|4 0
|6 307_141209549200000_BAS
|7 1
|8 RPT
|9 56220
|a BRACUL
|b BRACUL
|c BRS
|d 2015-10-11
|e BRAC
|l 1
|o 307.1412095492 BAS
|p 3010029991
|r 2025-12-30
|s 2025-03-23
|t 5
|w 2015-10-11
|y BK
|x BRAC ; price not available in register
|